000 00765pam a2200277 i 4500
005 20260322212055.0
008 data
010 _a 74010267
020 _a0840764014
020 _a9780840764010
040 _aDLC
_cDLC
_dDLC
042 _alcac
050 0 0 _aGV1467
_b.B47 1974
082 0 0 _a795/.3
092 _a795.3 B47 1974
100 1 _aBerndt, Fredrick.
245 1 4 _aThe domino book :
_bgames, solitaire, puzzles /
_cFredrick Berndt.
250 _a1st ed.
260 _aNashville :
_bT. Nelson,
_c[1974]
300 _a190 p. :
_bill. ;
_c24 cm.
520 _aText and diagrams introduce the rules and techniques of the different forms of domino games and puzzles.
650 0 _aDominoes.
650 1 _aDominoes.
650 1 _aGames.
001 data
999 _c1301
_d1301